000
00336 a2200145 4500
001
47824
020
_a
040
_c
Anchieta - Aquarius
100
_a
Narimatsu, Aura Celeste Gomes Ribeiro
240
1
0
_a
Daniel na cova dos leões
_l
por
245
1
0
_a
Daniel na cova dos leões
362
0
_a
1986
650
4
_a
Religião
942
_c
BK
999
_c
47824
_d
47824